| 000 | 00422nam a2200169Ia 4500 | ||
|---|---|---|---|
| 003 | GCL | ||
| 008 | 140319s9999 xx 000 0 ara d | ||
| 040 |
_aGCL / _cGCL |
||
| 082 | 0 | 4 |
_a928.3 _bح ت |
| 100 | 1 | _aحسن محمود | |
| 245 | 1 | 0 |
_aتولستوى / _cحسن محمود |
| 300 | _a138 ص | ||
| 490 |
_aاقرأ _v0 |
||
| 650 | 0 | 4 | _aالادب الروسى |
| 650 | 0 | 4 | _aتولستوى, ليو |
| 942 |
_2ddc _cBK |
||
| 999 |
_c40345 _d40345 |
||